| 000 | 00744nam a2200241 4500 | ||
|---|---|---|---|
| 001 | 46300 | ||
| 010 | _a9789897100376 | ||
| 021 | _b345810/12 | ||
| 090 | _a46300 | ||
| 100 | _a20120928d2012 m y0pory50030103ba | ||
| 101 | 1 | _apor | |
| 102 | _aPT | ||
| 200 | 1 |
_aO vale do silêncio _fNora Roberts _gtrad. Fernanda Semedo _grev. Idalina Morgado |
|
| 205 | _a1.ª ed. | ||
| 210 | 9 |
_aS. Pedro do Estoril _cChá das Cinco, _d2012 |
|
| 215 |
_a301, [1] p. _d23 cm |
||
| 675 |
_a821.111(73)-31"19/20" _vBN _zpor |
||
| 700 | 1 |
_aRoberts, _bNora, |
|
| 702 | 1 |
_aSemedo, _bFernanda _4730 |
|
| 702 | 1 |
_aMorgado, _bIdalina _4675 |
|
| 801 | 0 |
_aPT _bBN _gRPC |
|
| 856 | 4 | 1 | _uhttp://rnod.bnportugal.gov.pt/ImagesBN/winlibimg.aspx?skey=&doc=1819812&img=12290&save=true |
| 990 | _cLIVROS | ||